Laing (Record no. 88348)

MARC details
000 -LEADER
campo de control de longitud fija 00775nam a2200229 i 4500
001 - NÚMERO DE CONTROL
campo de control 88348
003 - IDENTIFICADOR DE NÚMERO DE CONTROL
campo de control ES-MaACL
005 - FECHA Y HORA DE LA ÚLTIMA TRANSACCIÓN
campo de control 20250815083552.0
007 - CAMPO FIJO DE DESCRIPCIÓN FÍSICA--INFORMACIÓN GENERAL
campo de control de longitud fija t|
008 - DATOS DE LONGITUD FIJA--INFORMACIÓN GENERAL
campo de control de longitud fija 050104s1973 sp ||||1| spa d
100 1# - ENTRADA PRINCIPAL--NOMBRE DE PERSONA
Nombre de persona Laing, Ronald David.
9 (RLIN) 69695
245 10 - MENCIÓN DEL TÍTULO
Título Laing
Resto del título : antipsiquiatría y contra cultura /
Mención de responsabilidad, etc. R.D. Laing ; Peter Sedgwick ... [et al.] ; [traductor, Nicolás Caparrós].
260 ## - PUBLICACIÓN, DISTRIBUCIÓN, ETC.
Lugar de publicación, distribución, etc. [Madrid] :
Nombre del editor, distribuidor, etc. Fundamentos,
Fecha de publicación, distribución, etc. 1973.
300 ## - DESCRIPCIÓN FÍSICA
Extensión 366 p. ;
Dimensiones 20 cm.
490 1# - MENCIÓN DE SERIE
Mención de serie Ciencia. Serie Psicología
700 1# - ENTRADA AGREGADA--NOMBRE PERSONAL
Nombre de persona Sedgwick, Peter.
9 (RLIN) 105069
700 1# - ENTRADA AGREGADA--NOMBRE PERSONAL
Nombre de persona Caparrós Sánchez, Nicolás.
9 (RLIN) 160880
830 00 - PUNTO DE ACCESO ADICIONAL DE SERIE-TÍTULO UNIFORME
Título uniforme Ciencia.
Nombre de parte o sección de la obra Psicología
9 (RLIN) 231476
852 ## - LOCALIZACIÓN
Ubicación ES-MaACL
Número de control de estantería C-53020
Sublocalización o colección R.85607
852 ## - LOCALIZACIÓN
Ubicación ES-MaACL
Número de control de estantería E-7897
Sublocalización o colección R.92334
Holdings
Estatus retirado Estado de pérdida Estado de daño No para préstamo Biblioteca de origen Biblioteca actual Ubicación en estantería Fecha de adquisición Fuente de adquisición Total de préstamos Signatura topográfica completa Código de barras Visto por última vez Precio de reemplazo Tipo de ítem Koha
        Biblioteca del Ateneo de Madrid Biblioteca del Ateneo de Madrid Depósito 2 17/01/2008     E-7897 1092289 23/02/2023 23/02/2023 Libro impreso
        Biblioteca del Ateneo de Madrid Biblioteca del Ateneo de Madrid Depósito 2 17/01/2008     C-53020 1092288 23/02/2023 23/02/2023 Libro impreso